000 00267nam a2200109Ia 4500
008 220120s9999||||xx |||||||||||||| ||und||
082 _a540 KAL
100 _aKalburgi, G S
_911440
245 0 _aEngineering Chemistry
260 _bNew Delhi
_c2003
300 _a1206p.
_b0
999 _c136369
_d136369